|
|
|
|
| LEADER |
00000nab a2200000 a 4500 |
| 001 |
vtls000670515 |
| 003 |
SK-MaSNL |
| 005 |
20260304102659.0 |
| 008 |
250425c1998 xo 0 slo |
| 015 |
|
|
|a SNBRB1998/08-21313
|
| 035 |
|
|
|a CLN000022692
|
| 035 |
|
|
|a urn:nbn:sk:snk-ab2rlq
|
| 035 |
|
|
|a (urnnbn)urn:nbn:sk:snk:ar-a02ugx
|
| 035 |
|
|
|a (uuid)b19d7a44-7c99-4b3c-9882-30dfc400d5b5
|
| 040 |
|
|
|a SNKBUCL
|b slo
|c SNKBUCL
|e AACR2
|
| 041 |
0 |
|
|a slo
|
| 044 |
|
|
|a xo
|c SK
|
| 080 |
|
|
|a 82.035:882
|2 1997
|
| 080 |
|
|
|a 882.035
|2 1997
|
| 080 |
|
|
|a 82(091):884"19"
|2 1997
|
| 080 |
|
|
|a 884(091)"19"
|2 1997
|
| 100 |
1 |
|
|a Fast, Piotr
|4 aut
|9 1399972
|
| 245 |
1 |
0 |
|a Kritická recepcia a preklad ruskej literatúry v Poľsku v povojnovom období
|c Piotr Fast
|
| 504 |
|
|
|a Res. angl.
|
| 504 |
|
|
|a Bibliogr. odkazy
|
| 648 |
|
7 |
|a 1945-1989
|2 snkbucl
|9 277989
|
| 650 |
0 |
7 |
|a ruská literatúra
|2 snkbucl
|9 1204
|
| 650 |
0 |
7 |
|a literárny preklad
|2 snkbucl
|9 28595
|
| 650 |
0 |
7 |
|a preklady do poľštiny
|2 snkbucl
|9 81646
|
| 655 |
|
7 |
|a články z novín a časopisov
|2 snkbucl
|9 267496
|
| 773 |
0 |
|
|t Slovak review
|g Roč. 7, č. 1 (1998), s. 67-75
|x 1335-0544
|
| 850 |
|
|
|a Slovenská národná knižnica
|
| 852 |
|
|
|a Slovenská národná knižnica
|
| 954 |
|
|
|a odborná, vedecká literatúra pôvodná (slovenská)
|2 lita
|
| 958 |
|
|
|a article27
|
| 958 |
|
|
|a LX
|
| 958 |
|
|
|a PL
|
| 958 |
|
|
|a RU
|
| 958 |
|
|
|a NB
|
| 958 |
|
|
|a OND
|
| 958 |
|
|
|a EUIPO
|
| 992 |
|
|
|a RBX
|
| 999 |
|
|
|c 2846021
|d 2847951
|